| 000 | 00613nam a22002177a 4500 | ||
|---|---|---|---|
| 005 | 20170124110040.0 | ||
| 010 | _aA-599910 | ||
| 020 |
_c00.00 _a0706369378 |
||
| 035 | _aA-599910 | ||
| 037 | _bCen Lib/Ret | ||
| 040 |
_aDPL _bEN |
||
| 082 |
_a796.342 _bLLO |
||
| 100 |
_aLloyd, David _974079 |
||
| 245 |
_aFit for the game tennis / _cby David Lloyd |
||
| 260 |
_aGreat Britain _bWard Lock _c1991 |
||
| 270 |
_aGreat Britain _bGreat Britain |
||
| 300 |
_a80p. : _c22m(Hb) _bill. |
||
| 650 |
_aSprots _974080 |
||
| 650 |
_aSports Physical Fitness _974081 |
||
| 942 |
_2ddc _cEN _h796.342 _mLLO |
||
| 999 |
_c128502 _d128502 |
||